[Event "DEM U10 2024"]
[Site "Willingen GER"]
[Date "2024.05.24"]
[Round "9"]
[White "Stoyanov, Victor"]
[Black "Fattori Dittmar, Luca"]
[Result "1-0"]
[Termination "normal"]
[Board "10"]
[WhiteElo "1658"]
[BlackElo "1782"]
[WhiteClock "00:14:47"]
[BlackClock "00:40:41"]
[PlyCount "91"]
[WhiteFideId "5401240"]
[BlackFideId "34678883"]
[EventCountry "GER"]
[EventRounds "11"]
[EventType "swiss"]
[EventDate "2024.05.18"]

1. e4 {[%clk 01:15:59]} e5 {[%clk 01:15:45]} {[%emt 00:00:15]} 2. Nf3 {[%clk
01:16:26]} {[%emt 00:00:03]} Nc6 {[%clk 01:16:09]} {[%emt 00:00:06]} 3. d4
{[%clk 01:16:52]} {[%emt 00:00:03]} exd4 {[%clk 01:16:28]} {[%emt 00:00:12]} 4.
Nxd4 {[%clk 01:17:16]} {[%emt 00:00:06]} Bc5 {[%clk 01:16:38]} {[%emt
00:00:21]} 5. Nb3 {[%clk 01:17:41]} {[%emt 00:00:05]} Bb6 {[%clk 01:16:59]}
{[%emt 00:00:09]} 6. Qe2 {[%clk 01:18:07]} {[%emt 00:00:03]} d6 {[%clk
01:16:55]} {[%emt 00:00:33]} 7. Be3 {[%clk 01:18:17]} {[%emt 00:00:21]} Nf6
{[%clk 01:16:51]} {[%emt 00:00:34]} 8. Nc3 {[%clk 01:18:39]} {[%emt 00:00:08]}
O-O {[%clk 01:17:02]} {[%emt 00:00:19]} 9. O-O-O {[%clk 01:17:55]} {[%emt
00:01:14]} Re8 {[%clk 01:16:38]} {[%emt 00:00:54]} 10. f3 {[%clk 01:17:04]}
{[%emt 00:01:21]} Bxe3+ {[%clk 01:14:00]} {[%emt 00:03:07]} 11. Qxe3 {[%clk
01:17:20]} {[%emt 00:00:15]} Be6 {[%clk 01:13:48]} {[%emt 00:00:42]} 12. Qf2
{[%clk 01:15:04]} {[%emt 00:02:46]} a5 {[%clk 01:13:24]} {[%emt 00:00:54]} 13.
a4 {[%clk 01:14:17]} {[%emt 00:01:18]} Bxb3 {[%clk 01:13:41]} {[%emt 00:00:13]}
14. cxb3 {[%clk 01:14:37]} {[%emt 00:00:09]} Qd7 {[%clk 01:10:50]} {[%emt
00:03:21]} 15. Bb5 {[%clk 01:10:13]} {[%emt 00:04:55]} Reb8 {[%clk 01:05:16]}
{[%emt 00:06:03]} 16. e5 {[%clk 01:02:16]} {[%emt 00:08:27]} Ne8 {[%clk
01:04:37]} {[%emt 00:01:09]} 17. exd6 {[%clk 01:00:37]} {[%emt 00:02:09]} Nxd6
{[%clk 01:03:37]} {[%emt 00:01:31]} 18. Qc2 {[%clk 00:48:29]} {[%emt 00:12:37]}
Qe6 {[%clk 00:56:58]} {[%emt 00:07:09]} 19. Rd2 {[%clk 00:33:52]} {[%emt
00:15:07]} Nb4 {[%clk 00:56:04]} {[%emt 00:01:24]} 20. Qd1 {[%clk 00:32:17]}
{[%emt 00:02:05]} Nxb5 {[%clk 00:55:02]} {[%emt 00:01:32]} 21. Nxb5 {[%clk
00:29:56]} {[%emt 00:02:51]} Qg6 {[%clk 00:54:53]} {[%emt 00:00:39]} 22. Nc3
{[%clk 00:28:32]} {[%emt 00:01:53]} h6 {[%clk 00:52:42]} {[%emt 00:02:42]} 23.
Re1 {[%clk 00:25:25]} {[%emt 00:03:37]} Kh7 {[%clk 00:52:12]} {[%emt 00:01:00]}
24. Re7 {[%clk 00:19:31]} {[%emt 00:06:24]} Qc6 {[%clk 00:46:38]} {[%emt
00:06:04]} 25. Qe2 {[%clk 00:15:49]} {[%emt 00:04:12]} Na2+ {[%clk 00:46:47]}
{[%emt 00:00:21]} 26. Kc2 {[%clk 00:15:56]} {[%emt 00:00:22]} Nxc3 {[%clk
00:46:45]} {[%emt 00:00:33]} 27. bxc3 {[%clk 00:16:17]} {[%emt 00:00:10]} Rd8
{[%clk 00:38:20]} {[%emt 00:08:54]} 28. Rxd8 {[%clk 00:14:32]} {[%emt
00:02:16]} Rxd8 {[%clk 00:38:40]} {[%emt 00:00:09]} 29. Qe4+ {[%clk 00:14:45]}
{[%emt 00:00:16]} Qg6 {[%clk 00:37:51]} {[%emt 00:01:20]} 30. Qxg6+ {[%clk
00:15:05]} {[%emt 00:00:11]} Kxg6 {[%clk 00:38:11]} {[%emt 00:00:09]} 31. Rxc7
{[%clk 00:15:15]} {[%emt 00:00:20]} Re8 {[%clk 00:38:30]} {[%emt 00:00:12]} 32.
Kd2 {[%clk 00:15:10]} {[%emt 00:00:34]} Rd8+ {[%clk 00:38:53]} {[%emt
00:00:08]} 33. Ke2 {[%clk 00:15:29]} {[%emt 00:00:10]} Re8+ {[%clk 00:39:18]}
{[%emt 00:00:06]} 34. Kf2 {[%clk 00:15:52]} {[%emt 00:00:06]} Rd8 {[%clk
00:39:34]} {[%emt 00:00:15]} 35. Rxb7 {[%clk 00:16:02]} {[%emt 00:00:20]} Rd2+
{[%clk 00:39:56]} {[%emt 00:00:08]} 36. Kg3 {[%clk 00:16:22]} {[%emt 00:00:10]}
Rc2 {[%clk 00:39:59]} {[%emt 00:00:26]} 37. c4 {[%clk 00:16:14]} {[%emt
00:00:39]} f5 {[%clk 00:39:47]} {[%emt 00:00:42]} 38. Rb6+ {[%clk 00:15:50]}
{[%emt 00:00:53]} Kg5 {[%clk 00:40:05]} {[%emt 00:00:12]} 39. Rb5 {[%clk
00:15:50]} {[%emt 00:00:30]} Rb2 {[%clk 00:40:24]} {[%emt 00:00:11]} 40. c5
{[%clk 00:15:11]} {[%emt 00:01:09]} f4+ {[%clk 00:40:41]} {[%emt 00:00:14]} 41.
Kh3 {[%clk 00:15:29]} {[%emt 00:00:11]} Kh5 {[%clk 00:40:35]} {[%emt 00:00:36]}
42. c6+ {[%clk 00:15:10]} {[%emt 00:00:50]} g5 {[%clk 00:41:00]} {[%emt
00:00:05]} 43. Rc5 {[%clk 00:14:27]} {[%emt 00:01:13]} Rxb3 {[%clk 00:40:50]}
{[%emt 00:00:39]} 44. c7 {[%clk 00:14:42]} {[%emt 00:00:15]} Rb6 {[%clk
00:40:25]} {[%emt 00:00:56]} 45. c8=Q {[%clk 00:14:30]} {[%emt 00:00:42]} Rc6
{[%clk 00:40:41]} {[%emt 00:00:13]} 46. Qg4+ {[%clk 00:14:47]} {[%emt
00:00:14]} 1-0

[Event "DEM U10 2024"]
[Site "Willingen GER"]
[Date "2024.05.24"]
[Round "9"]
[White "Sauer, Ben"]
[Black "Spielmann, Jan"]
[Result "1-0"]
[Termination "normal"]
[Board "11"]
[WhiteElo "1626"]
[BlackElo "1725"]
[WhiteClock "00:12:05"]
[BlackClock "00:27:05"]
[PlyCount "113"]
[WhiteFideId "34606866"]
[BlackFideId "34680039"]
[EventCountry "GER"]
[EventRounds "11"]
[EventType "swiss"]
[EventDate "2024.05.18"]

1. e4 {[%clk 01:15:58]} {[%emt 00:00:01]} e5 {[%clk 01:15:42]} {[%emt
00:00:17]} 2. Nf3 {[%clk 01:16:23]} {[%emt 00:00:05]} Nc6 {[%clk 01:16:06]}
{[%emt 00:00:07]} 3. Bc4 {[%clk 01:16:49]} {[%emt 00:00:04]} Bc5 {[%clk
01:16:25]} {[%emt 00:00:10]} 4. d3 {[%clk 01:17:11]} {[%emt 00:00:09]} Nf6
{[%clk 01:10:29]} {[%emt 00:06:26]} 5. c3 {[%clk 01:16:17]} {[%emt 00:01:24]}
Bb6 {[%clk 01:03:16]} {[%emt 00:07:43]} 6. O-O {[%clk 01:15:33]} {[%emt
00:01:14]} d6 {[%clk 01:00:28]} {[%emt 00:03:18]} 7. Bb3 {[%clk 01:15:02]}
{[%emt 00:01:00]} Bg4 {[%clk 00:58:55]} {[%emt 00:02:03]} 8. Nbd2 {[%clk
01:12:50]} {[%emt 00:02:42]} Qe7 {[%clk 00:49:40]} {[%emt 00:09:45]} 9. Re1
{[%clk 01:09:45]} {[%emt 00:03:35]} O-O-O {[%clk 00:48:32]} {[%emt 00:01:38]}
10. Nf1 {[%clk 01:07:23]} {[%emt 00:02:53]} h5 {[%clk 00:47:41]} {[%emt
00:01:21]} 11. Be3 {[%clk 01:00:12]} {[%emt 00:07:41]} Bxe3 {[%clk 00:47:27]}
{[%emt 00:00:43]} 12. Nxe3 {[%clk 01:00:17]} {[%emt 00:00:25]} Qd7 {[%clk
00:44:23]} {[%emt 00:03:34]} 13. Nxg4 {[%clk 00:56:04]} {[%emt 00:04:43]} hxg4
{[%clk 00:44:24]} {[%emt 00:00:29]} 14. Nd2 {[%clk 00:53:23]} {[%emt 00:03:12]}
Rh7 {[%clk 00:43:30]} {[%emt 00:01:23]} 15. Nf1 {[%clk 00:51:27]} {[%emt
00:02:26]} Rdh8 {[%clk 00:43:15]} {[%emt 00:00:45]} 16. f3 {[%clk 00:45:41]}
{[%emt 00:06:17]} gxf3 {[%clk 00:41:40]} {[%emt 00:02:04]} 17. Qxf3 {[%clk
00:44:29]} {[%emt 00:01:43]} Rh4 {[%clk 00:40:15]} {[%emt 00:01:55]} 18. h3
{[%clk 00:40:15]} {[%emt 00:04:44]} Rf4 {[%clk 00:40:13]} {[%emt 00:00:31]} 19.
Qe3 {[%clk 00:36:19]} {[%emt 00:04:27]} Nh5 {[%clk 00:31:13]} {[%emt 00:09:30]}
20. Ng3 {[%clk 00:34:22]} {[%emt 00:02:26]} Ne7 {[%clk 00:29:06]} {[%emt
00:02:37]} 21. Nxh5 {[%clk 00:32:11]} {[%emt 00:02:42]} Rxh5 {[%clk 00:29:14]}
{[%emt 00:00:21]} 22. Bd1 {[%clk 00:31:02]} {[%emt 00:01:39]} Rg5 {[%clk
00:28:52]} {[%emt 00:00:47]} 23. Bg4 {[%clk 00:30:20]} {[%emt 00:01:17]} f5
{[%clk 00:28:54]} {[%emt 00:00:28]} 24. Bxf5 {[%clk 00:28:59]} {[%emt
00:01:51]} Nxf5 {[%clk 00:28:57]} {[%emt 00:00:27]} 25. exf5 {[%clk 00:29:17]}
{[%emt 00:00:12]} Qxf5 {[%clk 00:22:54]} {[%emt 00:06:33]} 26. Rf1 {[%clk
00:28:04]} {[%emt 00:01:43]} Qg6 {[%clk 00:21:45]} {[%emt 00:01:39]} 27. Qe2
{[%clk 00:21:47]} {[%emt 00:06:47]} Rg3 {[%clk 00:16:55]} {[%emt 00:05:20]} 28.
Rxf4 {[%clk 00:18:26]} {[%emt 00:03:51]} exf4 {[%clk 00:17:11]} {[%emt
00:00:14]} 29. Rf1 {[%clk 00:16:41]} {[%emt 00:02:15]} Rxh3 {[%clk 00:11:40]}
{[%emt 00:06:01]} 30. Rxf4 {[%clk 00:16:25]} {[%emt 00:00:47]} Rxd3 {[%clk
00:11:43]} {[%emt 00:00:26]} 31. Rg4 {[%clk 00:12:09]} {[%emt 00:04:47]} Rd2
{[%clk 00:10:29]} {[%emt 00:01:44]} 32. Qe1 {[%clk 00:07:40]} {[%emt 00:04:59]}
Qh5 {[%clk 00:09:47]} {[%emt 00:01:11]} 33. Qe6+ {[%clk 00:05:14]} {[%emt
00:02:57]} Kd8 {[%clk 00:10:01]} {[%emt 00:00:15]} 34. Qg8+ {[%clk 00:04:35]}
{[%emt 00:01:09]} Qe8 {[%clk 00:09:59]} {[%emt 00:00:31]} 35. Qxg7 {[%clk
00:03:50]} {[%emt 00:01:16]} Qe1+ {[%clk 00:09:35]} {[%emt 00:00:54]} 36. Kh2
{[%clk 00:04:14]} {[%emt 00:00:06]} Qe5+ {[%clk 00:09:58]} {[%emt 00:00:06]}
37. Qxe5 {[%clk 00:04:29]} {[%emt 00:00:16]} dxe5 {[%clk 00:10:12]} {[%emt
00:00:16]} 38. Rb4 {[%clk 00:04:26]} {[%emt 00:00:33]} b6 {[%clk 00:10:30]}
{[%emt 00:00:13]} 39. Kg3 {[%clk 00:04:36]} {[%emt 00:00:19]} c5 {[%clk
00:10:49]} {[%emt 00:00:12]} 40. Rb3 {[%clk 00:04:51]} {[%emt 00:00:15]} Kc7
{[%clk 00:11:07]} {[%emt 00:00:11]} 41. Kf3 {[%clk 00:04:54]} {[%emt 00:00:27]}
Kc6 {[%clk 00:11:25]} {[%emt 00:00:12]} 42. a4 {[%clk 00:05:04]} {[%emt
00:00:21]} Kd5 {[%clk 00:10:51]} {[%emt 00:01:04]} 43. g4 {[%clk 00:04:13]}
{[%emt 00:01:20]} e4+ {[%clk 00:10:56]} {[%emt 00:00:24]} 44. Ke3 {[%clk
00:13:19]} {[%emt 00:06:25]} Rd3+ {[%clk 00:26:20]} {[%emt 00:00:06]} 45. Kf2
{[%clk 00:12:09]} {[%emt 00:01:40]} Kc4 {[%clk 00:26:31]} {[%emt 00:00:19]} 46.
Ra3 {[%clk 00:09:40]} {[%emt 00:03:00]} Kd5 {[%clk 00:25:20]} {[%emt 00:01:40]}
47. Ke2 {[%clk 00:09:29]} {[%emt 00:00:42]} Rg3 {[%clk 00:25:41]} {[%emt
00:00:09]} 48. c4+ {[%clk 00:09:51]} {[%emt 00:00:07]} Ke5 {[%clk 00:25:34]}
{[%emt 00:00:37]} 49. Rxg3 {[%clk 00:10:15]} {[%emt 00:00:07]} Kf6 {[%clk
00:25:46]} {[%emt 00:00:18]} 50. Ke3 {[%clk 00:10:38]} {[%emt 00:00:07]} Kg5
{[%clk 00:25:56]} {[%emt 00:00:19]} 51. Kxe4 {[%clk 00:10:55]} {[%emt
00:00:13]} Kg6 {[%clk 00:26:09]} {[%emt 00:00:17]} 52. g5 {[%clk 00:11:20]}
{[%emt 00:00:06]} Kg7 {[%clk 00:26:30]} {[%emt 00:00:09]} 53. g6 {[%clk
00:11:36]} {[%emt 00:00:13]} Kg8 {[%clk 00:26:53]} {[%emt 00:00:06]} 54. g7
{[%clk 00:11:53]} {[%emt 00:00:14]} Kf7 {[%clk 00:27:15]} {[%emt 00:00:08]} 55.
g8=Q+ {[%clk 00:12:13]} {[%emt 00:00:10]} Ke7 {[%clk 00:27:24]} {[%emt
00:00:21]} 56. Rg7+ {[%clk 00:12:05]} {[%emt 00:00:38]} Kf6 {[%clk 00:27:05]}
{[%emt 00:00:49]} 57. Qf7# {[%emt 00:00:08]} 1-0

[Event "DEM U10 2024"]
[Site "Willingen GER"]
[Date "2024.05.24"]
[Round "9"]
[White "Dombert, Johannes"]
[Black "Ding, Jerry Yunjie"]
[Result "0-1"]
[Termination "normal"]
[Board "12"]
[WhiteElo "1270"]
[BlackElo "1650"]
[WhiteClock "00:41:52"]
[BlackClock "00:49:08"]
[PlyCount "142"]
[WhiteFideId "533001766"]
[BlackFideId "34614869"]
[EventCountry "GER"]
[EventRounds "11"]
[EventType "swiss"]
[EventDate "2024.05.18"]

1. e4 {[%clk 01:15:56]} {[%emt 00:00:01]} c5 {[%clk 01:15:57]} {[%emt
00:00:05]} 2. Bc4 {[%clk 01:16:12]} {[%emt 00:00:13]} Nc6 {[%clk 01:15:26]}
{[%emt 00:01:02]} 3. d3 {[%clk 01:15:56]} {[%emt 00:00:45]} g6 {[%clk
01:14:29]} {[%emt 00:01:29]} 4. Ne2 {[%clk 01:14:48]} {[%emt 00:01:37]} Bg7
{[%clk 01:14:31]} {[%emt 00:00:28]} 5. Nbc3 {[%clk 01:14:04]} {[%emt 00:01:13]}
d6 {[%clk 01:11:43]} {[%emt 00:03:19]} 6. O-O {[%clk 01:13:23]} {[%emt
00:01:11]} Nf6 {[%clk 01:11:25]} {[%emt 00:00:48]} 7. Bg5 {[%clk 01:07:23]}
{[%emt 00:06:30]} O-O {[%clk 01:09:57]} {[%emt 00:01:57]} 8. Qd2 {[%clk
01:01:25]} {[%emt 00:06:29]} Bd7 {[%clk 01:08:18]} {[%emt 00:02:09]} 9. Ng3
{[%clk 00:56:14]} {[%emt 00:05:40]} a6 {[%clk 01:03:24]} {[%emt 00:05:26]} 10.
Rae1 {[%clk 00:51:27]} {[%emt 00:05:15]} Re8 {[%clk 01:01:22]} {[%emt
00:02:33]} 11. Bh6 {[%clk 00:47:46]} {[%emt 00:04:11]} b5 {[%clk 01:01:14]}
{[%emt 00:00:38]} 12. Bb3 {[%clk 00:47:41]} {[%emt 00:00:35]} Rb8 {[%clk
00:58:46]} {[%emt 00:02:59]} 13. Bxg7 {[%clk 00:46:40]} {[%emt 00:01:29]} Kxg7
{[%clk 00:59:14]} {[%emt 00:00:02]} 14. f4 {[%clk 00:46:33]} {[%emt 00:00:36]}
h6 {[%clk 00:48:48]} {[%emt 00:10:59]} 15. e5 {[%clk 00:42:20]} {[%emt
00:04:42]} Nh7 {[%clk 00:47:56]} {[%emt 00:01:21]} 16. f5 {[%clk 00:41:03]}
{[%emt 00:01:48]} Nxe5 {[%clk 00:47:18]} {[%emt 00:01:08]} 17. fxg6 {[%clk
00:40:46]} {[%emt 00:00:45]} fxg6 {[%clk 00:47:15]} {[%emt 00:00:35]} 18. Rxe5
{[%clk 00:40:28]} {[%emt 00:00:47]} Nf6 {[%clk 00:45:00]} {[%emt 00:02:45]} 19.
Ree1 {[%clk 00:39:48]} {[%emt 00:01:10]} Qb6 {[%clk 00:43:19]} {[%emt
00:02:12]} 20. Kh1 {[%clk 00:37:18]} {[%emt 00:02:59]} Qc6 {[%clk 00:41:28]}
{[%emt 00:02:22]} 21. Nge4 {[%clk 00:36:38]} {[%emt 00:01:08]} Rf8 {[%clk
00:39:27]} {[%emt 00:02:34]} 22. Nxf6 {[%clk 00:36:32]} {[%emt 00:00:35]} Rxf6
{[%clk 00:39:04]} {[%emt 00:00:53]} 23. Rxf6 {[%clk 00:36:16]} {[%emt
00:00:46]} exf6 {[%clk 00:39:28]} {[%emt 00:00:06]} 24. Bd5 {[%clk 00:36:26]}
{[%emt 00:00:19]} Qc8 {[%clk 00:38:33]} {[%emt 00:01:26]} 25. Re7+ {[%clk
00:36:38]} {[%emt 00:00:18]} Kf8 {[%clk 00:38:38]} {[%emt 00:00:25]} 26. Rf7+
{[%clk 00:36:53]} {[%emt 00:00:14]} Ke8 {[%clk 00:38:32]} {[%emt 00:00:37]} 27.
Qxh6 {[%clk 00:37:04]} {[%emt 00:00:18]} Kd8 {[%clk 00:38:25]} {[%emt
00:00:39]} 28. Rf8+ {[%clk 00:37:05]} {[%emt 00:00:28]} Be8 {[%clk 00:38:22]}
{[%emt 00:00:33]} 29. Bf7 {[%clk 00:37:10]} {[%emt 00:00:25]} Kc7 {[%clk
00:38:25]} {[%emt 00:00:27]} 30. Bxe8 {[%clk 00:37:07]} {[%emt 00:00:32]} Qe6
{[%clk 00:38:40]} {[%emt 00:00:16]} 31. Qc1 {[%clk 00:35:45]} {[%emt 00:01:51]}
Rxe8 {[%clk 00:38:44]} {[%emt 00:00:27]} 32. Rxe8 {[%clk 00:36:04]} {[%emt
00:00:12]} Qxe8 {[%clk 00:39:09]} {[%emt 00:00:04]} 33. Nd5+ {[%clk 00:36:20]}
{[%emt 00:00:12]} Kc6 {[%clk 00:39:20]} {[%emt 00:00:21]} 34. Nxf6 {[%clk
00:36:40]} {[%emt 00:00:09]} Qe6 {[%clk 00:39:45]} {[%emt 00:00:06]} 35. Ne4
{[%clk 00:36:22]} {[%emt 00:00:47]} d5 {[%clk 00:39:36]} {[%emt 00:00:41]} 36.
Ng3 {[%clk 00:36:09]} {[%emt 00:00:40]} Qe5 {[%clk 00:39:39]} {[%emt 00:00:29]}
37. Kg1 {[%clk 00:35:58]} {[%emt 00:00:40]} Qd4+ {[%clk 00:39:54]} {[%emt
00:00:16]} 38. Kh1 {[%clk 00:35:56]} {[%emt 00:00:31]} Qf2 {[%clk 00:39:08]}
{[%emt 00:01:17]} 39. a3 {[%clk 00:35:22]} {[%emt 00:01:04]} c4 {[%clk
00:39:17]} {[%emt 00:00:21]} 40. dxc4 {[%clk 00:35:39]} {[%emt 00:00:13]} bxc4
{[%clk 00:39:33]} {[%emt 00:00:14]} 41. b3 {[%clk 00:36:00]} {[%emt 00:00:09]}
c3 {[%clk 00:39:46]} {[%emt 00:00:17]} 42. Qf1 {[%clk 00:35:41]} {[%emt
00:00:47]} Qxc2 {[%clk 00:40:08]} {[%emt 00:00:10]} 43. Qxa6+ {[%clk 00:36:05]}
{[%emt 00:00:06]} Kc5 {[%clk 00:40:07]} {[%emt 00:00:31]} 44. b4+ {[%clk
00:36:12]} {[%emt 00:00:23]} Kd4 {[%clk 00:40:31]} {[%emt 00:00:06]} 45. Qb6+
{[%clk 00:36:05]} {[%emt 00:00:37]} Kd3 {[%clk 00:40:37]} {[%emt 00:00:24]} 46.
Qxg6+ {[%clk 00:36:22]} {[%emt 00:00:13]} Kd2 {[%emt 00:00:08]} 47. Qxc2+
{[%clk 00:36:42]} {[%emt 00:00:07]} Kxc2 {[%clk 00:41:25]} {[%emt 00:00:08]}
48. Ne2 {[%clk 00:37:00]} {[%emt 00:00:09]} Kd2 {[%clk 00:41:37]} {[%emt
00:00:20]} 49. Nd4 {[%clk 00:36:40]} {[%emt 00:00:49]} c2 {[%clk 00:40:28]}
{[%emt 00:01:40]} 50. Nxc2 {[%clk 00:36:58]} {[%emt 00:00:12]} Kxc2 {[%clk
00:40:54]} {[%emt 00:00:04]} 51. h4 {[%clk 00:34:18]} {[%emt 00:03:11]} d4
{[%clk 00:41:20]} {[%emt 00:00:04]} 52. h5 {[%clk 00:34:41]} {[%emt 00:00:06]}
d3 {[%clk 00:41:44]} {[%emt 00:00:07]} 53. h6 {[%clk 00:35:01]} {[%emt
00:00:09]} d2 {[%clk 00:42:10]} {[%emt 00:00:04]} 54. h7 {[%clk 00:35:23]}
{[%emt 00:00:08]} d1=Q+ {[%clk 00:42:34]} {[%emt 00:00:06]} 55. Kh2 {[%clk
00:35:46]} {[%emt 00:00:07]} Qh5 {[%clk 00:42:58]} {[%emt 00:00:05]} 56. Kg1
{[%clk 00:36:07]} {[%emt 00:00:10]} Qxh7 {[%clk 00:43:24]} {[%emt 00:00:05]}
57. g4 {[%clk 00:36:29]} {[%emt 00:00:07]} Qa7+ {[%clk 00:43:48]} {[%emt
00:00:07]} 58. Kg2 {[%clk 00:36:48]} {[%emt 00:00:10]} Qxa3 {[%clk 00:44:12]}
{[%emt 00:00:06]} 59. g5 {[%clk 00:37:09]} {[%emt 00:00:08]} Qxb4 {[%clk
00:44:37]} {[%emt 00:00:06]} 60. g6 {[%clk 00:37:34]} {[%emt 00:00:05]} Qg4
{[%clk 00:45:03]} {[%emt 00:00:05]} 61. Kf2 {[%clk 00:37:55]} {[%emt 00:00:50]}
Qxg6 {[%clk 00:45:27]} {[%emt 00:00:05]} 62. Kf3 {[%clk 00:38:18]} {[%emt
00:00:07]} Qe6 {[%clk 00:45:49]} {[%emt 00:00:09]} 63. Kf4 {[%clk 00:38:41]}
{[%emt 00:00:07]} Kd3 {[%clk 00:46:14]} {[%emt 00:00:05]} 64. Kf3 {[%clk
00:39:05]} {[%emt 00:00:05]} Qe4 {[%clk 00:46:38]} {[%emt 00:00:07]} 65. Kf2
{[%clk 00:39:29]} {[%emt 00:00:05]} Qe3+ {[%clk 00:47:01]} {[%emt 00:00:07]}
66. Kg2 {[%clk 00:39:53]} {[%emt 00:00:07]} Qf4 {[%clk 00:47:27]} {[%emt
00:00:04]} 67. Kh3 {[%clk 00:40:16]} {[%emt 00:00:07]} Qg5 {[%clk 00:47:52]}
{[%emt 00:00:05]} 68. Kh2 {[%clk 00:40:39]} {[%emt 00:00:06]} Qg4 {[%clk
00:48:18]} {[%emt 00:00:05]} 69. Kh1 {[%clk 00:41:04]} {[%emt 00:00:04]} Ke2
{[%clk 00:48:43]} {[%emt 00:00:05]} 70. Kh2 {[%clk 00:41:28]} {[%emt 00:00:06]}
Kf1 {[%clk 00:49:08]} {[%emt 00:00:06]} 71. Kh1 {[%clk 00:41:52]} {[%emt
00:00:05]} Qh3 {[%emt 00:00:04]} 0-1

[Event "DEM U10 2024"]
[Site "Willingen GER"]
[Date "2024.05.24"]
[Round "9"]
[White "Grimm, Jakob"]
[Black "Stojanoski, Stefan"]
[Result "1-0"]
[Termination "normal"]
[Board "13"]
[WhiteElo "1681"]
[BlackElo "1638"]
[WhiteClock "00:53:31"]
[BlackClock "00:37:13"]
[PlyCount "49"]
[WhiteFideId "34635645"]
[BlackFideId "34632948"]
[EventCountry "GER"]
[EventRounds "11"]
[EventType "swiss"]
[EventDate "2024.05.18"]

1. e4 {[%clk 01:15:59]} {[%emt 14:27:12]} e5 {[%clk 01:15:54]} {[%emt
00:00:06]} 2. Nf3 {[%clk 01:16:26]} {[%emt 00:00:03]} Nc6 {[%clk 01:16:18]}
{[%emt 00:00:06]} 3. d4 {[%clk 01:16:52]} {[%emt 00:00:04]} exd4 {[%clk
01:16:45]} {[%emt 00:00:04]} 4. Nxd4 {[%clk 01:17:18]} {[%emt 00:00:04]} Qf6
{[%clk 01:16:53]} {[%emt 00:00:22]} 5. Be3 {[%clk 01:17:01]} {[%emt 00:00:46]}
Bc5 {[%clk 01:17:17]} {[%emt 00:00:06]} 6. c3 {[%clk 01:16:44]} {[%emt
00:00:48]} Nge7 {[%clk 01:17:35]} {[%emt 00:00:11]} 7. Bc4 {[%clk 01:16:57]}
{[%emt 00:00:17]} O-O {[%clk 01:17:27]} {[%emt 00:00:39]} 8. O-O {[%clk
01:16:52]} {[%emt 00:00:35]} d6 {[%clk 01:15:58]} {[%emt 00:01:59]} 9. Nxc6
{[%clk 01:16:28]} {[%emt 00:00:53]} Nxc6 {[%clk 01:16:11]} {[%emt 00:00:17]}
10. Bxc5 {[%clk 01:16:52]} {[%emt 00:00:06]} dxc5 {[%clk 01:16:29]} {[%emt
00:00:12]} 11. f4 {[%clk 01:14:36]} {[%emt 00:02:47]} Rd8 {[%clk 01:14:15]}
{[%emt 00:02:31]} 12. Qh5 {[%clk 01:12:34]} {[%emt 00:02:44]} Qe7 {[%clk
01:08:08]} {[%emt 00:06:33]} 13. f5 {[%clk 01:05:20]} {[%emt 00:07:48]} Na5
{[%clk 01:05:50]} {[%emt 00:02:47]} 14. Qe2 {[%clk 01:03:13]} {[%emt 00:02:38]}
Qg5 {[%clk 00:57:43]} {[%emt 00:08:37]} 15. Bd3 {[%clk 01:00:48]} {[%emt
00:02:54]} c4 {[%clk 00:57:26]} {[%emt 00:00:47]} 16. Bxc4 {[%clk 01:00:44]}
{[%emt 00:00:35]} Nxc4 {[%clk 00:57:44]} {[%emt 00:00:13]} 17. Qxc4 {[%clk
01:01:10]} {[%emt 00:00:03]} Qe3+ {[%clk 00:58:09]} {[%emt 00:00:05]} 18. Kh1
{[%clk 01:01:36]} {[%emt 00:00:05]} Re8 {[%clk 00:55:30]} {[%emt 00:03:09]} 19.
Na3 {[%clk 00:57:12]} {[%emt 00:04:54]} Qxe4 {[%clk 00:55:35]} {[%emt
00:00:24]} 20. Rad1 {[%clk 00:55:07]} {[%emt 00:02:34]} Qe7 {[%clk 00:41:08]}
{[%emt 00:14:57]} 21. Nb5 {[%clk 00:53:23]} {[%emt 00:02:15]} c6 {[%clk
00:40:47]} {[%emt 00:00:50]} 22. Nd6 {[%clk 00:53:36]} {[%emt 00:00:17]} Rd8
{[%clk 00:41:00]} {[%emt 00:00:16]} 23. Nxf7 {[%clk 00:53:21]} {[%emt
00:00:48]} Rxd1 {[%clk 00:36:57]} {[%emt 00:04:33]} 24. Nh6+ {[%clk 00:53:09]}
{[%emt 00:00:41]} Kf8 {[%clk 00:37:13]} {[%emt 00:00:13]} 25. Qg8# {[%clk
00:53:31]} {[%emt 00:00:09]} 1-0